000
00252 a2200109 4500
001
51104
040
_c
Anchieta - Pituba
240
1
0
_a
Clip do Colégio Anchieta 2001
_l
245
1
0
_a
Clip do Colégio Anchieta 2001
650
4
_a
Generalidades
942
_c
MX
999
_c
51104
_d
51104